[Event "RA Summer Pickup #1"]
[Site "Ottawa CAN"]
[Date "2009.06.18"]
[Round "6"]
[White "Pacey, Kevin"]
[Black "Qin, Zi Yi (Joey)"]
[Result "1/2-1/2"]
[WhiteElo "2316"]
[BlackElo "2226"]
[PlyCount "129"]
[GameId "2160767910156818"]
[EventDate "2009.05.14"]
[EventType "swiss"]
[EventRounds "6"]
[EventCountry "CAN"]

1. d4 Nf6 2. c4 g6 3. Nc3 Bg7 4. e4 d6 5. f3 O-O 6. Bg5 Nbd7 7. Qd2 c5 8. d5 Ne8 9. Bh6 f5 10. exf5 Rxf5 11. Bd3 Bxh6 12. Qxh6 Rh5 13. Qd2 Ne5 14. Be2 b5 15. g4 Nxc4 16. Bxc4 Re5+ 17. Be2 b4 18. Ne4 Nc7 19. Qh6 Nxd5 20. O-O-O c4 21. Rxd5 Rxd5 22. Ng5 Rxg5 23. Qxg5 Be6 24. Nh3 b3 25. Nf4 bxa2 26. Kc2 Qb6 27. Nxe6 Qb3+ 28. Kd2 c3+ 29. bxc3 Qxe6 30. Qb5 Rc8 31. Kc2 Rc5 32. Qb3 d5 33. Bd3 Qe3 34. Qxa2 Qf2+ 35. Kb1 Qxf3 36. Qe2 Qxh1+ 37. Kc2 Qa1 38. Qe6+ Kf8 39. Qe5 Qa2+ 40. Kc1 Qa3+ 41. Kc2 Qa4+ 42. Kb2 Qxg4 43. Qh8+ Kf7 44. Qxh7+ Ke6 45. Qg8+ Kd7 46. Qb8 Qa4 47. Qb7+ Ke6 48. Qb8 Qa5 49. Qh8 Kd7 50. Qh3+ Kc7 51. Qg3+ Kb7 52. Bxg6 Rb5+ 53. Kc1 Qa1+ 54. Kd2 Rb2+ 55. Bc2 Qb1 56. Qd3 Qxc2+ 57. Qxc2 Rxc2+ 58. Kxc2 Kc8 59. Kd3 e5 60. c4 dxc4+ 61. Kxc4 a5 62. h4 Kd7 63. Kd5 a4 64. Kxe5 Ke7 65. Kd4 1/2-1/2

[Event "RA Summer Pickup #2"]
[Site "Ottawa CAN"]
[Date "2009.06.25"]
[Round "1"]
[White "Pacey, Kevin"]
[Black "Marinkovic, Mate"]
[Result "1/2-1/2"]
[WhiteElo "2351"]
[BlackElo "2102"]
[PlyCount "116"]
[GameId "2160767910156419"]
[EventDate "2009.06.25"]
[EventType "swiss"]
[EventRounds "6"]
[EventCountry "CAN"]

1. e4 c5 2. Nf3 e6 3. d4 cxd4 4. Nxd4 Nc6 5. Nb5 d6 6. c4 a6 7. N5c3 Nf6 8. Be2 Be7 9. O-O O-O 10. Be3 b6 11. Nd2 Qc7 12. Rc1 Bb7 13. Nd5 exd5 14. cxd5 b5 15. Rc3 Qd7 16. dxc6 Bxc6 17. Qc2 Rac8 18. Rc1 Bb7 19. Qd3 Rxc3 20. Rxc3 Rc8 21. f3 Rxc3 22. Qxc3 Qc6 23. Qxc6 Bxc6 24. Nb3 Nd7 25. Na5 Ba8 26. Bd4 Nc5 27. b4 Ne6 28. Bc3 d5 29. e5 Bd8 30. Bd2 Bb6+ 31. Kf1 d4 32. Nb3 Bd5 33. Bd3 Bc4 34. Ke2 Kf8 35. g3 Ke7 36. Be1 Ng5 37. Nc1 Ke6 38. h4 Nh3 39. f4 Bd5 40. Kd2 Ng1 41. Kc2 Nf3 42. Bf2 Nh2 43. Nb3 Ng4 44. Nxd4+ Bxd4 45. Bxd4 Bxa2 46. Be4 g6 47. Bb7 Kf5 48. Bxa6 Ke4 49. Kc3 Bc4 50. Bb7+ Kf5 51. Bc6 Nh2 52. Bg1 Nf1 53. Bf2 Kg4 54. Kd4 Nxg3 55. Kc5 Kxf4 56. Bxg3+ Kxg3 57. Bxb5 Bxb5 58. Kxb5 Kxh4 1/2-1/2

[Event "RA Summer Pickup #2"]
[Site "Ottawa CAN"]
[Date "2009.07.02"]
[Round "2"]
[White "Gordon, David"]
[Black "Pacey, Kevin"]
[Result "1-0"]
[WhiteElo "2211"]
[BlackElo "2351"]
[PlyCount "151"]
[GameId "2160767910156420"]
[EventDate "2009.06.25"]
[EventType "swiss"]
[EventRounds "6"]
[EventCountry "CAN"]

1. d4 c5 2. d5 Nf6 3. Nc3 g6 4. e4 d6 5. f4 Bg7 6. e5 Nfd7 7. e6 fxe6 8. dxe6 Nf6 9. Bb5+ Nc6 10. f5 gxf5 11. Nf3 O-O 12. Bxc6 bxc6 13. Ng5 Ba6 14. Qf3 Qe8 15. Nf7 Bc4 16. Nh6+ Kh8 17. Nf7+ Rxf7 18. exf7 Qd7 19. Be3 Ng4 20. O-O-O Nxe3 21. Qxe3 Bxf7 22. Qxc5 Qb7 23. Qa3 a5 24. Rhe1 Bf6 25. Rd3 Qb4 26. h3 Bg5+ 27. Kb1 Qxa3 28. bxa3 d5 29. Na4 d4 30. c3 Rb8+ 31. Kc2 dxc3 32. Nxc3 f4 33. Ne4 Bh4 34. Rb1 Rxb1 35. Kxb1 Bg6 36. Rd4 Kg7 37. Kc1 Kf7 38. Nc5 Bg5 39. Kd1 Bh5+ 40. Ke1 f3 41. g4 Be3 42. Rd3 f2+ 43. Kf1 Bxc5 44. gxh5 Ke6 45. Ke2 h6 46. Rg3 Kd7 47. Rd3+ Ke6 48. Rd8 Bxa3 49. Kxf2 a4 50. Kf3 Bc1 51. Rd1 Bb2 52. Rg1 c5 53. Ke4 Kf7 54. Rg6 Bc1 55. Rg1 Bb2 56. Kd5 Bd4 57. Rg6 a3 58. Rxh6 Kg7 59. Ra6 Bb2 60. Kxc5 e5 61. Kd5 Kh7 62. Ke4 Kg7 63. Kf5 Kh7 64. Re6 Kg7 65. Rxe5 Kh6 66. Re7 Bc3 67. Kg4 Bd2 68. Re6+ Kh7 69. Rg6 Bc1 70. Kf3 Bd2 71. Ke4 Bc1 72. Kd3 Bb2 73. Kc2 Bd4 74. Kb3 Bb2 75. Ra6 Bc1 76. Rxa3 1-0

[Event "RA Summer Pickup #2"]
[Site "Ottawa CAN"]
[Date "2009.07.09"]
[Round "3"]
[White "Pacey, Kevin"]
[Black "Qin, Zi Yi (Joey)"]
[Result "1-0"]
[WhiteElo "2351"]
[BlackElo "2226"]
[PlyCount "95"]
[GameId "2160767910156421"]
[EventDate "2009.06.25"]
[EventType "swiss"]
[EventRounds "6"]
[EventCountry "CAN"]

1. f4 Nf6 2. Nf3 g6 3. g3 Bg7 4. Bg2 d6 5. O-O O-O 6. d3 c6 7. e4 Nbd7 8. Nc3 e5 9. f5 h6 10. h3 Qb6+ 11. Kh2 gxf5 12. Nh4 Nc5 13. Nxf5 Bxf5 14. Rxf5 Ncd7 15. Rb1 Kh7 16. Qf3 Rae8 17. Be3 Qd8 18. Rf1 b5 19. a3 a5 20. g4 b4 21. axb4 axb4 22. Ne2 Re6 23. g5 hxg5 24. Bxg5 Rh8 25. Qg3 Kg8 26. Bf3 Rh7 27. Ra1 Kh8 28. Ra7 Qb8 29. Qg1 Bf8 30. Qa1 Qb6 31. Kg2 Rg7 32. Kf1 Nh7 33. Bh4 Rh6 34. Bf2 Qd8 35. Ng1 Qe7 36. Rc7 Qe6 37. Qa8 Nc5 38. b3 Rhg6 39. Qc8 Qxc8 40. Rxc8 Ne6 41. Ne2 Nhg5 42. Bg4 Rg8 43. Bh5 Rh6 44. Bxf7 Nxf7 45. Rxf7 Rxh3 46. Rf6 Rh1+ 47. Ng1 Rh6 48. Rcxf8 1-0

[Event "RA Summer Pickup #2"]
[Site "Ottawa CAN"]
[Date "2009.07.16"]
[Round "4"]
[White "Upper, John"]
[Black "Pacey, Kevin"]
[Result "0-1"]
[WhiteElo "2167"]
[BlackElo "2351"]
[PlyCount "144"]
[GameId "2160767910156422"]
[EventDate "2009.06.25"]
[EventType "swiss"]
[EventRounds "6"]
[EventCountry "CAN"]

1. d4 Nf6 2. Nf3 e6 3. Bf4 d5 4. e3 Bd6 5. Bxd6 Qxd6 6. c3 O-O 7. Nbd2 Nbd7 8. Be2 e5 9. dxe5 Nxe5 10. O-O Nxf3+ 11. Bxf3 Bf5 12. Qa4 b5 13. Qh4 a5 14. Rac1 a4 15. Rfd1 Qe6 16. a3 c6 17. Nf1 Bg4 18. Nd2 Bxf3 19. Nxf3 Rac8 20. Rd2 Qe4 21. Rd4 Qxh4 22. Nxh4 g6 23. g3 Rfe8 24. Ng2 Ne4 25. Nf4 Nc5 26. Rcd1 g5 27. Nh5 Re6 28. g4 Kf8 29. Ng3 Nb3 30. R4d3 Na5 31. Nf5 Nc4 32. Rb1 Ne5 33. Rdd1 Nxg4 34. Rd4 Ne5 35. Kg2 Rf6 36. Ng3 Nf3 37. Rg4 Nh4+ 38. Kf1 h6 39. Ke2 Re8 40. b3 axb3 41. Rxb3 Rf4 42. h3 f5 43. Rxf4 gxf4 44. Nh5 fxe3 45. fxe3 Ng2 46. Kf3 Nxe3 47. Rb4 Nc4 48. a4 Re3+ 49. Kf2 Rxh3 50. Nf4 Rxc3 51. axb5 cxb5 52. Rxb5 Ne5 53. Rxd5 Rf3+ 54. Kg2 Rxf4 55. Rxe5 Kf7 56. Ra5 Kf6 57. Kg3 Rg4+ 58. Kf3 Kg5 59. Ra6 Rb4 60. Rc6 Rb3+ 61. Kf2 h5 62. Rc8 h4 63. Ra8 Kg4 64. Rg8+ Kf4 65. Rh8 Rb2+ 66. Kg1 Kg3 67. Rg8+ Kf3 68. Rh8 f4 69. Kh1 Kg3 70. Rg8+ Kf3 71. Rh8 Kf2 72. Rxh4 Kg3 0-1

[Event "RA Summer Pickup #2"]
[Site "Ottawa CAN"]
[Date "2009.07.23"]
[Round "5"]
[White "Pacey, Kevin"]
[Black "Palsson, Halldor"]
[Result "0-1"]
[WhiteElo "2351"]
[BlackElo "2076"]
[PlyCount "94"]
[GameId "2160767910156423"]
[EventDate "2009.06.25"]
[EventType "swiss"]
[EventRounds "6"]
[EventCountry "CAN"]

1. e4 e6 2. d4 d5 3. e5 c5 4. c3 Nc6 5. Nf3 Qb6 6. Bd3 c4 7. Bc2 Qc7 8. Nbd2 b5 9. a3 a5 10. O-O Ba6 11. Ng5 g6 12. Qf3 Nh6 13. Qf6 Rg8 14. Nxh7 Be7 15. Qf3 Nf5 16. Qg4 O-O-O 17. Nf3 Rh8 18. Nhg5 Rdf8 19. g3 Kb7 20. h4 b4 21. Qf4 b3 22. Bd1 Na7 23. Kg2 Bb5 24. Rh1 Bd7 25. g4 Nh6 26. Be2 Nb5 27. h5 f5 28. exf6 Rxf6 29. Qxc7+ Kxc7 30. Ne5 gxh5 31. Rxh5 Be8 32. Rh3 Bg6 33. Nxg6 Rxg6 34. Bf4+ Kd7 35. Be5 Rhg8 36. f4 Bxg5 37. fxg5 Nxg4 38. Rh7+ Kc6 39. Bf4 Nf6 40. Re7 Ne4 41. Bh5 Rxg5+ 42. Bxg5 Rxg5+ 43. Kf3 Rxh5 44. Rxe6+ Nbd6 45. Rg1 Rf5+ 46. Ke3 Rf2 47. Rb1 Kd7 0-1

[Event "RA Summer Pickup #2"]
[Site "Ottawa CAN"]
[Date "2009.07.30"]
[Round "6"]
[White "Bertrand, Daryl"]
[Black "Pacey, Kevin"]
[Result "0-1"]
[WhiteElo "2026"]
[BlackElo "2351"]
[PlyCount "58"]
[GameId "2160767910156424"]
[EventDate "2009.06.25"]
[EventType "swiss"]
[EventRounds "6"]
[EventCountry "CAN"]

1. e4 c5 2. Nf3 d6 3. d4 cxd4 4. Nxd4 Nf6 5. Nc3 a6 6. Be3 e5 7. Nb3 Be6 8. Qd2 Nbd7 9. f3 b5 10. Qf2 h5 11. h4 Be7 12. O-O-O Rc8 13. Kb1 Rxc3 14. bxc3 Qc7 15. Qe1 d5 16. exd5 Nxd5 17. Rxd5 Bxd5 18. Bd3 O-O 19. Qg3 Bxb3 20. axb3 Qxc3 21. f4 exf4 22. Qxf4 Bf6 23. Kc1 Qa1+ 24. Kd2 Qxh1 25. Qe4 Rd8 26. Ke2 Qxh4 27. Qh7+ Kf8 28. Bf5 Bd4 29. Bd2 Re8+ 0-1

[Event "RA Summer Pickup #3"]
[Site "Ottawa CAN"]
[Date "2009.08.06"]
[Round "1"]
[White "Pacey, Kevin"]
[Black "Qin, Zi Yi (Joey)"]
[Result "1/2-1/2"]
[WhiteElo "2362"]
[BlackElo "2226"]
[PlyCount "82"]
[GameId "2160767910093345"]
[EventDate "2009.08.06"]
[EventType "swiss"]
[EventRounds "6"]
[EventCountry "CAN"]

1. d4 Nf6 2. c4 g6 3. Nc3 Bg7 4. e4 d6 5. Be2 O-O 6. Bg5 c5 7. dxc5 dxc5 8. Qxd8 Rxd8 9. e5 Nfd7 10. e6 Bxc3+ 11. bxc3 Nf6 12. exf7+ Kxf7 13. Be3 Nc6 14. Nf3 Ne4 15. Ng5+ Nxg5 16. Bxg5 Ne5 17. O-O Be6 18. f4 Nc6 19. f5 gxf5 20. Bh5+ Kg7 21. Rfe1 Bf7 22. Bf3 Rd7 23. Bxc6 bxc6 24. Bxe7 Re8 25. Bxc5 Rxe1+ 26. Rxe1 Bxc4 27. Bd4+ Kf7 28. a3 a6 29. Re5 Rd5 30. Kf2 Rxe5 31. Bxe5 Ke6 32. Bg7 Bd5 33. g3 Be4 34. Ke3 Kd5 35. g4 Bb1 36. gxf5 Bxf5 37. h4 h5 38. Bf6 Kc4 39. Kd2 Kb3 40. Be7 a5 41. Bf8 Bg6 1/2-1/2

[Event "RA Summer Pickup #3"]
[Site "Ottawa CAN"]
[Date "2009.08.13"]
[Round "2"]
[White "Beckwith, Paul"]
[Black "Pacey, Kevin"]
[Result "1-0"]
[WhiteElo "2104"]
[BlackElo "2362"]
[PlyCount "65"]
[GameId "2160767910093346"]
[EventDate "2009.08.06"]
[EventType "swiss"]
[EventRounds "6"]
[EventCountry "CAN"]

1. e4 e5 2. Nf3 Nc6 3. Bc4 Nf6 4. Ng5 Bc5 5. Bxf7+ Ke7 6. Bb3 Rf8 7. d3 Qe8 8. O-O d6 9. Be3 Nd4 10. c3 Nxb3 11. axb3 Bxe3 12. fxe3 Ng4 13. Rxf8 Qxf8 14. Qe2 Qf6 15. Nf3 Qh6 16. h3 Nxe3 17. Na3 Nxg2 18. Qxg2 Bxh3 19. Qg5+ Qxg5+ 20. Nxg5 Bg4 21. Rf1 Rf8 22. Rxf8 Kxf8 23. Kf2 h6 24. Nf3 Ke7 25. Nc2 Be6 26. b4 c6 27. Ne3 g6 28. Kg3 Ba2 29. c4 Ke6 30. Nd2 d5 31. exd5+ cxd5 32. Nxd5 b5 33. Nc7+ 1-0

[Event "RA Summer Pickup #3"]
[Site "Ottawa CAN"]
[Date "2009.08.20"]
[Round "3"]
[White "Pacey, Kevin"]
[Black "Xiong, Jerry"]
[Result "0-1"]
[WhiteElo "2362"]
[BlackElo "2244"]
[PlyCount "78"]
[GameId "2160767910093347"]
[EventDate "2009.08.06"]
[EventType "swiss"]
[EventRounds "6"]
[EventCountry "CAN"]

1. e4 c5 2. c3 e6 3. d4 b6 4. Nf3 Bb7 5. Bd3 Nf6 6. Qe2 Be7 7. O-O O-O 8. a3 a5 9. c4 cxd4 10. Nxd4 Na6 11. Nc3 Nc5 12. Bc2 d5 13. exd5 exd5 14. Nf5 Re8 15. Rd1 Bf8 16. Be3 Ba6 17. Nxd5 Nxd5 18. Rxd5 Qf6 19. Rad1 g6 20. Nd6 Re6 21. Nb5 Bxb5 22. cxb5 Qxb2 23. Rd8 Rxd8 24. Rxd8 Qxa3 25. Qd1 Qb4 26. h3 h5 27. Bd2 Qxb5 28. Bh6 Re8 29. Bxg6 Rxd8 30. Qxd8 Ne6 31. Qf6 Qd7 32. Bxh5 Bxh6 33. Qxh6 a4 34. Bg4 Qd5 35. Bf3 Qg5 36. Qxg5+ Nxg5 37. Bd5 a3 38. Kf1 Ne4 39. Ke1 Nc3 0-1

[Event "RA Summer Pickup #3"]
[Site "Ottawa CAN"]
[Date "2009.09.03"]
[Round "5"]
[White "Dunn, David"]
[Black "Pacey, Kevin"]
[Result "0-1"]
[WhiteElo "2172"]
[BlackElo "2362"]
[PlyCount "76"]
[GameId "2160767910093348"]
[EventDate "2009.08.06"]
[EventType "swiss"]
[EventRounds "6"]
[EventCountry "CAN"]

1. a3 e5 2. e3 d5 3. d4 Nc6 4. Bb5 a6 5. Bxc6+ bxc6 6. dxe5 Qg5 7. Nf3 Qxg2 8. Rg1 Qh3 9. Nbd2 Ne7 10. c4 Ng6 11. b4 Be7 12. Bb2 O-O 13. Rg3 Qd7 14. c5 f6 15. exf6 Bxf6 16. Bxf6 Rxf6 17. Nb3 Qe8 18. Nbd4 Bd7 19. Kf1 Qe4 20. h3 Raf8 21. Kg1 Nh4 22. Ng5 Qe8 23. Qd3 Qh5 24. f4 Nf5 25. Nxf5 Bxf5 26. Qd1 Qh4 27. Kh2 Rg6 28. Qg1 Rxg5 29. fxg5 Bxh3 30. Rxh3 Rf2+ 31. Qg2 Rxg2+ 32. Kxg2 Qxg5+ 33. Rg3 Qe5 34. Rf1 Qb2+ 35. Rf2 Qxa3 36. Rgf3 h6 37. e4 Qxb4 38. e5 Qe4 0-1

[Event "RA-ch active"]
[Site "Ottawa CAN"]
[Date "2009.12.10"]
[Round "1"]
[White "Pacey, Kevin"]
[Black "Ritchie, Gordon"]
[Result "1/2-1/2"]
[WhiteElo "2112"]
[BlackElo "1700"]
[PlyCount "73"]
[GameId "2160767910030034"]
[EventDate "2009.12.10"]
[EventType "swiss (rapid)"]
[EventRounds "5"]
[EventCountry "CAN"]

1. e4 c6 2. d4 d5 3. exd5 cxd5 4. c4 Nc6 5. Nc3 Nf6 6. Nf3 e6 7. Be2 dxc4 8. Bxc4 Be7 9. O-O O-O 10. a3 a6 11. Ba2 b5 12. d5 exd5 13. Nxd5 Bb7 14. Nxe7+ Nxe7 15. Qxd8 Raxd8 16. Bg5 Ned5 17. Rfe1 h6 18. Bxf6 Nxf6 19. Rad1 Bd5 20. Bxd5 Rxd5 21. Rxd5 Nxd5 22. Rc1 Nb6 23. Kf1 Nc4 24. b3 Nxa3 25. Rc6 Ra8 26. Rc7 a5 27. Ne5 f6 28. Nd7 Re8 29. Rc5 a4 30. bxa4 bxa4 31. Nb6 Re4 32. Ra5 Nc2 33. f3 Re1+ 34. Kf2 Ra1 35. Rxa4 Rxa4 36. Nxa4 Nb4 37. Ke3 1/2-1/2

[Event "RA-ch active"]
[Site "Ottawa CAN"]
[Date "2009.12.10"]
[Round "2"]
[White "Roth, Gerhard"]
[Black "Pacey, Kevin"]
[Result "0-1"]
[WhiteElo "1700"]
[BlackElo "2112"]
[PlyCount "86"]
[GameId "2160767910030035"]
[EventDate "2009.12.10"]
[EventType "swiss (rapid)"]
[EventRounds "5"]
[EventCountry "CAN"]

1. e4 c5 2. d4 cxd4 3. c3 d5 4. e5 Bf5 5. Bb5+ Nc6 6. Nf3 Bd7 7. O-O Nxe5 8. Nxe5 Bxb5 9. Qf3 Nf6 10. Rd1 e6 11. Bg5 Be7 12. cxd4 O-O 13. Nc3 Bd7 14. h4 Ne8 15. Bxe7 Qxe7 16. g3 f6 17. Nd3 Nd6 18. Re1 Qf7 19. Re2 b6 20. Rae1 Rae8 21. Nf4 Nf5 22. Qd3 g5 23. hxg5 fxg5 24. Nh3 Qg6 25. Re5 Qh5 26. Kg2 Qg4 27. Rh1 Qxd4 28. Qxd4 Nxd4 29. Rxg5+ Kf7 30. Nf4 Rh8 31. Rgh5 Reg8 32. Rxh7+ Rxh7 33. Rxh7+ Rg7 34. Rxg7+ Kxg7 35. Nfe2 Nxe2 36. Nxe2 e5 37. Kf3 Kf6 38. a3 d4 39. Ke4 Bc6+ 40. Kd3 Kf5 41. f4 Bb5+ 42. Kd2 Bxe2 43. Kxe2 exf4 0-1

[Event "RA-ch active"]
[Site "Ottawa CAN"]
[Date "2009.12.10"]
[Round "3"]
[White "Doubleday, William"]
[Black "Pacey, Kevin"]
[Result "0-1"]
[WhiteElo "1980"]
[BlackElo "2112"]
[PlyCount "130"]
[GameId "2160767910030036"]
[EventDate "2009.12.10"]
[EventType "swiss (rapid)"]
[EventRounds "5"]
[EventCountry "CAN"]

1. d4 Nf6 2. c4 c5 3. d5 e6 4. Nc3 exd5 5. cxd5 d6 6. e4 g6 7. Nf3 Bg7 8. Be2 O-O 9. O-O a6 10. a4 Bg4 11. Nd2 Bxe2 12. Qxe2 Nbd7 13. a5 Ne8 14. Nc4 Qe7 15. Bf4 f5 16. f3 g5 17. Bd2 f4 18. Rab1 Nc7 19. Qd3 Nb5 20. Nxb5 axb5 21. Nb6 Nxb6 22. axb6 c4 23. Qc2 Qd8 24. Bc3 Qxb6+ 25. Qf2 Qxf2+ 26. Rxf2 Rfe8 27. Bxg7 Kxg7 28. b3 c3 29. b4 Ra3 30. Rc2 Kf6 31. Kf2 Ke5 32. Rd1 Rb3 33. Rd3 Rc8 34. Ke2 Rxb4 35. Rdxc3 Rxc3 36. Rxc3 Rb2+ 37. Kd3 Rxg2 38. Rc7 Rxh2 39. Re7+ Kf6 40. Re6+ Kf7 41. Rxd6 Rf2 42. e5 Rxf3+ 43. Ke4 Re3+ 44. Kf5 f3 45. Rf6+ Kg7 46. Ke6 g4 47. d6 b4 48. d7 Rd3 49. Ke7 Rxd7+ 50. Kxd7 b3 51. Rf4 h5 52. e6 b2 53. Rb4 f2 54. e7 f1=Q 55. e8=Q Qd3+ 56. Ke6 Qe3+ 57. Kd7 Qxe8+ 58. Kxe8 g3 59. Rxb2 Kf6 60. Rxb7 h4 61. Kf8 h3 62. Rb3 h2 63. Rf3+ Ke5 64. Rxg3 h1=Q 65. Rg6 Kf5 0-1

[Event "RA-ch active"]
[Site "Ottawa CAN"]
[Date "2009.12.17"]
[Round "4"]
[White "Pacey, Kevin"]
[Black "Bertrand, Daryl"]
[Result "0-1"]
[WhiteElo "2112"]
[BlackElo "1950"]
[PlyCount "56"]
[GameId "2160767910030037"]
[EventDate "2009.12.10"]
[EventType "swiss (rapid)"]
[EventRounds "5"]
[EventCountry "CAN"]

1. d4 Nf6 2. c4 e5 3. dxe5 Ng4 4. Nh3 Nxe5 5. Nf4 Bb4+ 6. Bd2 Bxd2+ 7. Qxd2 d6 8. e3 b6 9. Nc3 Bb7 10. Be2 g5 11. Nfd5 c6 12. Nb4 a5 13. Nc2 Ba6 14. b3 Ra7 15. O-O Rd7 16. Nd4 d5 17. cxd5 Bxe2 18. Qxe2 cxd5 19. Rfd1 g4 20. e4 O-O 21. Nxd5 Re8 22. Qd2 Ng6 23. Nf5 Rxe4 24. Qb2 Re5 25. Nde3 Rxd1+ 26. Nf1 Rxa1 27. Nh6+ Kg7 28. Nxg4 Rxf1+ 0-1

[Event "RA-ch active"]
[Site "Ottawa CAN"]
[Date "2009.12.17"]
[Round "5"]
[White "Upper, John"]
[Black "Pacey, Kevin"]
[Result "0-1"]
[WhiteElo "1880"]
[BlackElo "2112"]
[PlyCount "59"]
[GameId "2160767910030038"]
[EventDate "2009.12.10"]
[EventType "swiss (rapid)"]
[EventRounds "5"]
[EventCountry "CAN"]

1. Nf3 Nf6 2. d4 e6 3. c3 d5 4. Bg5 Be7 5. e3 Ne4 6. Bxe7 Qxe7 7. Nbd2 Nxd2 8. Qxd2 Nd7 9. c4 c6 10. O-O-O O-O 11. Ne5 Nxe5 12. dxe5 f6 13. exf6 Qxf6 14. f4 b6 15. g3 Ba6 16. cxd5 Bxf1 17. Rhxf1 exd5 18. Qd4 Rae8 19. Rfe1 Re4 20. Qxf6 Rxf6 21. Rd4 Rfe6 22. Kd2 Kf7 23. b4 Ke7 24. Rxe4 Rxe4 25. a3 Kd6 26. Kd3 c5 27. bxc5+ bxc5 28. Rb1 Ra4 29. Rb7 Rxa3+ 30. Ke2 0-1

[Event "Robin Girard mem"]
[Site "Quebec CAN"]
[Date "2009.09.04"]
[Round "1"]
[White "Bolduc, Steve"]
[Black "Servant, Michel"]
[Result "1-0"]
[WhiteElo "2264"]
[BlackElo "1728"]
[PlyCount "53"]
[GameId "2160767910093025"]
[EventDate "2009.09.04"]
[EventType "swiss"]
[EventRounds "5"]
[EventCountry "CAN"]

1. c4 c5 2. Nf3 Nf6 3. Nc3 g6 4. d4 cxd4 5. Nxd4 Bg7 6. e4 d6 7. Be2 O-O 8. O-O Nc6 9. Be3 Bd7 10. f3 b6 11. Rc1 Rc8 12. Qd2 Na5 13. b3 Nc6 14. Rfd1 Re8 15. Bf1 Ne5 16. Nd5 Bc6 17. Bg5 Bxd5 18. cxd5 a5 19. Bb5 Rf8 20. Rxc8 Qxc8 21. Rc1 Qb8 22. Qc2 h6 23. Bh4 g5 24. Bf2 Ng6 25. Qc7 Nf4 26. Nf5 Ng6 27. a4 1-0

[Event "Robin Girard mem"]
[Site "Quebec CAN"]
[Date "2009.09.04"]
[Round "1"]
[White "Chevaiier, Francois"]
[Black "Rainfray, Arnaud"]
[Result "0-1"]
[WhiteElo "1737"]
[BlackElo "2387"]
[PlyCount "60"]
[GameId "2160767910093026"]
[EventDate "2009.09.04"]
[EventType "swiss"]
[EventRounds "5"]
[EventCountry "CAN"]
[SourceTitle "hb 2009.10"]

1. d4 d5 2. Bg5 f6 3. Bh4 Nh6 4. e3 Nf5 5. Bd3 c5 6. Nf3 Nc6 7. c3 Qb6 8. b3 g6 9. Nbd2 Bh6 10. Qe2 O-O 11. Bg3 cxd4 12. cxd4 e5 13. dxe5 fxe5 14. Bxf5 Bxf5 15. O-O Rae8 16. h3 e4 17. Ne1 Ne5 18. Bxe5 Rxe5 19. Nc2 Bxh3 20. gxh3 Rg5+ 21. Kh1 Qe6 22. f4 Rg3 23. Rf2 Bg7 24. Rg1 Rxh3+ 25. Rh2 Rc8 26. Nd4 Bxd4 27. exd4 Rc2 28. Qd1 Rxa2 29. Nf1 Rhxh2+ 30. Nxh2 Qh3 0-1

[Event "Robin Girard mem"]
[Site "Quebec CAN"]
[Date "2009.09.04"]
[Round "2"]
[White "Sauve, Richard"]
[Black "Bourassa, Andre"]
[Result "1-0"]
[WhiteElo "2046"]
[BlackElo "1740"]
[PlyCount "85"]
[GameId "2160767910093028"]
[EventDate "2009.09.04"]
[EventType "swiss"]
[EventRounds "5"]
[EventCountry "CAN"]

1. d4 d5 2. c4 e6 3. Nc3 Nf6 4. cxd5 exd5 5. Bg5 c6 6. e3 Bf5 7. Qb3 b6 8. Nf3 h6 9. Bh4 g5 10. Bg3 Bd6 11. Be2 O-O 12. Be5 Qe7 13. O-O Nbd7 14. Bxd6 Qxd6 15. a4 a5 16. Rfc1 Rfe8 17. Qd1 Re6 18. Ra3 Rae8 19. h3 Bxh3 20. gxh3 Rxe3 21. fxe3 Qg3+ 22. Kh1 Rxe3 23. Qf1 Nh5 24. Qg2 Qf4 25. Rg1 Ndf6 26. Qh2 Rxf3 27. Bxf3 Qxf3+ 28. Qg2 Qxg2+ 29. Kxg2 Nf4+ 30. Kh2 Kg7 31. Rb3 Nd7 32. Re1 Kf8 33. Ne2 Ne6 34. Rc1 c5 35. dxc5 Nexc5 36. Rb5 Nxa4 37. Rxd5 Nac5 38. Ng3 Kg7 39. Rd6 f6 40. Nf5+ Kg6 41. Ne7+ Kf7 42. Nc8 b5 43. Rd5 1-0

[Event "Robin Girard mem"]
[Site "Quebec CAN"]
[Date "2009.09.05"]
[Round "2"]
[White "Lessard, Claude"]
[Black "Bolduc, Steve"]
[Result "0-1"]
[WhiteElo "1927"]
[BlackElo "2264"]
[PlyCount "102"]
[GameId "2160767910093029"]
[EventDate "2009.09.04"]
[EventType "swiss"]
[EventRounds "5"]
[EventCountry "CAN"]
[SourceTitle "hb 2009.10"]

1. d4 Nf6 2. Nf3 e6 3. g3 c5 4. Bg2 Nc6 5. O-O Qb6 6. c3 d5 7. a4 cxd4 8. cxd4 Be7 9. Nc3 O-O 10. e3 Rd8 11. h4 Bd7 12. Ng5 h6 13. Nh3 e5 14. dxe5 Nxe5 15. Nf4 Bg4 16. Qd4 Nf3+ 17. Bxf3 Bxf3 18. Qxb6 axb6 19. b3 Bc5 20. Nb5 Ne4 21. Nd4 Bxd4 22. exd4 g5 23. Ng2 Rac8 24. Be3 f6 25. Rfc1 Nc3 26. Kh2 Rc6 27. Ne1 Be4 28. f3 Bg6 29. Kg2 Rdc8 30. Kf2 Kf7 31. f4 Ne4+ 32. Kg2 gxh4 33. gxh4 Bf5 34. Rxc6 bxc6 35. a5 bxa5 36. Rxa5 Rg8+ 37. Kh2 Rg3 38. Ng2 Bh3 39. Ra7+ Ke6 40. f5+ Kxf5 41. Bf4 Rxb3 42. Bxh6 Bxg2 43. Kxg2 Kg4 44. Rg7+ Kxh4 45. Bf4 Ng5 46. Rg6 Rb2+ 47. Kf1 Ne4 48. Bc7 Rf2+ 49. Ke1 Rf5 50. Rg8 Rg5 51. Rf8 Kg4 0-1

[Event "Robin Girard mem"]
[Site "Quebec CAN"]
[Date "2009.09.05"]
[Round "2"]
[White "Rainfray, Arnaud"]
[Black "Chiffot, Nicolas"]
[Result "1-0"]
[WhiteElo "2387"]
[BlackElo "1992"]
[PlyCount "45"]
[GameId "2160767910093030"]
[EventDate "2009.09.04"]
[EventType "swiss"]
[EventRounds "5"]
[EventCountry "CAN"]
[SourceTitle "EXT 2011"]
[Source "ChessBase"]
[SourceDate "2011.11.26"]
[SourceVersion "1"]
[SourceVersionDate "2011.11.26"]
[SourceQuality "1"]

1. e4 e6 2. d4 d5 3. Nc3 dxe4 4. Nxe4 Nd7 5. Bd3 Ngf6 6. Qe2 c5 7. Nxf6+ Nxf6 8. dxc5 Bxc5 9. Bg5 Qa5+ 10. Bd2 Qc7 11. O-O-O Bd7 12. Nf3 O-O-O 13. Ne5 Bc6 14. f4 Rhf8 15. Kb1 Qb6 16. Nxc6 Qxc6 17. Rhf1 Kb8 18. Be3 Qb6 19. Be4 Rxd1+ 20. Rxd1 Rd8 21. Bf3 Bd4 22. Bxd4 Rxd4 23. Qe5+ 1-0

[Event "Robin Girard mem"]
[Site "Quebec CAN"]
[Date "2009.09.05"]
[Round "3"]
[White "Beaudoin, Stephane"]
[Black "Sauve, Richard"]
[Result "1-0"]
[WhiteElo "2114"]
[BlackElo "2046"]
[PlyCount "83"]
[GameId "2160767910093031"]
[EventDate "2009.09.04"]
[EventType "swiss"]
[EventRounds "5"]
[EventCountry "CAN"]
[SourceTitle "hb 2009.10"]

1. e4 e6 2. d4 d5 3. Nc3 Nf6 4. Bg5 Bb4 5. e5 h6 6. exf6 hxg5 7. fxg7 Rg8 8. h4 Nc6 9. Qd3 Rxg7 10. h5 f5 11. O-O-O Qf6 12. g3 Bd7 13. Nh3 O-O-O 14. a3 Be7 15. Be2 g4 16. Nf4 Bd6 17. Qd2 Bxf4 18. Qxf4 Qg5 19. Bb5 Ne7 20. Bxd7+ Kxd7 21. Ne2 Rh8 22. Qxg5 Rxg5 23. Nf4 Rh6 24. Rde1 Nc6 25. c3 Nd8 26. Re2 Rg8 27. Rhe1 c6 28. b3 Rf8 29. Kc2 Rff6 30. Kd3 Nf7 31. c4 Ng5 32. cxd5 cxd5 33. Rc2 Rf7 34. Rec1 Kd6 35. Ke3 Rhh7 36. Rc8 Rc7 37. Rd8+ Rhd7 38. Rxc7 Kxc7 39. Rg8 Nf3 40. h6 Kd6 41. Rg7 Rd8 42. h7 1-0

[Event "Robin Girard mem"]
[Site "Quebec CAN"]
[Date "2009.09.05"]
[Round "3"]
[White "Bolduc, Steve"]
[Black "Rainfray, Arnaud"]
[Result "0-1"]
[WhiteElo "2264"]
[BlackElo "2387"]
[PlyCount "54"]
[GameId "2160767910093032"]
[EventDate "2009.09.04"]
[EventType "swiss"]
[EventRounds "5"]
[EventCountry "CAN"]
[SourceTitle "EXT 2011"]
[Source "ChessBase"]
[SourceDate "2011.11.26"]
[SourceVersion "1"]
[SourceVersionDate "2011.11.26"]
[SourceQuality "1"]

1. c4 e6 2. Nc3 d5 3. d4 c5 4. cxd5 exd5 5. Nf3 Nc6 6. g3 Nf6 7. Bg2 Be7 8. O-O O-O 9. Bg5 cxd4 10. Nxd4 h6 11. Be3 Re8 12. Nxc6 bxc6 13. Na4 Bg4 14. Rc1 Qd7 15. Nc5 Bxc5 16. Rxc5 Ne4 17. Bxe4 Rxe4 18. Qc2 Rae8 19. Rd1 R8e6 20. Rd2 Qe7 21. Qc3 Bh3 22. Rd3 d4 23. Rxd4 Rxe3 24. fxe3 Rxe3 25. Qa5 Rf3 26. Rd1 Qe3+ 27. Kh1 Rf1+ 0-1